000
00283nam a2200121Ia 4500
008
151001s9999||||xx |||||||||||||| ||und||
245
_a
पाठलाग
250
_a
1
260
_b
गिता एजन्सी
260
_c
2005
300
_a
200
365
_b
21
999
_c
985079
_d
985076